Tài liệu bồi dưỡng giáo viên dạy chương trình và sách giáo khoa lớp 11 Môn lịch sử

Hướng dẫn thực hiện chương trình và thực hiện các khoá trình sách giáo khoa lịch sử lớp 11, đổi mới phương pháp dạy học, sử dụng thiết bị dạy học và hướng dẫn kiểm tra, đánh giá kết quả học tập môn lịch sử 11

שמור ב:
מידע ביבליוגרפי
מחברים אחרים: Phan Ngọc Liên... (b.soạn)
פורמט: ספר
שפה:Vietnamese
יצא לאור: H. Viện Nghiên cứu Sư phạm 2004
סדרה:Bộ Giáo dục và Đào tạo. Vụ Giáo dục Trung học - Dự án phát triển giáo dục Trung học - Trường ĐHSP Hà Nội
נושאים:
תגים: הוספת תג
אין תגיות, היה/י הראשונ/ה לתייג את הרשומה!
Thư viện lưu trữ: Mạng thư viện Đại học Đà Nẵng
LEADER 01757nam a2200361 4500
001 000006508
003 2664
005 20110914090936.0
008 110913s2004 viesd
020 |c 000đ 
041 0 |a vie 
082 |a 373.112  |b Tai 
245 0 |a Tài liệu bồi dưỡng giáo viên dạy chương trình và sách giáo khoa lớp 11  |b Môn lịch sử  |c B.soạn : Phan Ngọc liên ; Trịnh Đình Tùng ; Trần Thị Vinh ; Nguyễn Ngọc Cơ 
260 |a H.  |b Viện Nghiên cứu Sư phạm  |c 2004 
300 |a 92 tr  |b bảng  |c 27 cm 
490 |a Bộ Giáo dục và Đào tạo. Vụ Giáo dục Trung học - Dự án phát triển giáo dục Trung học - Trường ĐHSP Hà Nội 
500 |a Lưu hành nội bộ ( Dùng cho giáo viên và cán bộ quản lí giáo dục ) 
520 |a Hướng dẫn thực hiện chương trình và thực hiện các khoá trình sách giáo khoa lịch sử lớp 11, đổi mới phương pháp dạy học, sử dụng thiết bị dạy học và hướng dẫn kiểm tra, đánh giá kết quả học tập môn lịch sử 11 
653 |a Lịch sử 
653 |a Lớp 11 
653 |a Sách giáo viên 
700 |a Phan Ngọc Liên...  |e b.soạn 
910 |a Nguyễn Thị Kim Oanh  |d 13/09/2011 
OWN |a LSP 
AVA |a UDN50  |b LSP  |d 373.112 Tai  |e available  |t Error 5001 Not defined in file expand_doc_bib_avail.  |f 1  |g 0  |h N  |i 0  |k 1 
999 |a From the UDN01 
AVA |a UDN50  |b LSP  |d 373.112 Tai  |e available  |t Error 5001 Not defined in file expand_doc_bib_avail.  |f 1  |g 0  |h N  |i 0  |k 1 
TYP |a Monograph 
TYP |a Printed language 
980 |a Mạng thư viện Đại học Đà Nẵng